Statistics for Criminal Law Terms

Click here to take the quiz!

General Stats

  • This quiz has been taken 245 times
  • The average score is 7 of 20

Answer Stats

HintAnswer% Correct
The side that works for the peopleProsecution
73%
The side that represents the person on trialDefense
67%
The speech at the beginning of the trial where you can't be argumentativeOpening Statement
64%
How many years of law school do people usually go through3 years
62%
What you call a witness toThe Stand
61%
The questioning used for the other sides witnesses (hint; mostly leading questions)Cross Examination
54%
A witness who is specialized in somethingExpert Witness
54%
A question that suggests the answerLeading Question
42%
An out of court statement being used for the truth of the matterHearsay
39%
The word for lawyers only lawyers use for themselvesAttorney
35%
The person who swears in witnessesBailiff
25%
The questioning used for the witness your side produced (hint; no leading questions!)Direct Examination
23%
The speech at the end of the trial where you should be argumentativeClosing Arguments
18%
Multiple questions combined into oneCompound Question
11%
Questions brought up by directing attorneys regarding matters brought up in crossRe-Direct
8%
When a witness doesn't answer the questionNon-responsive
7%
What both sides agree tooStipulations
6%
When no or little foundation has been laid for a witnesses answer or an attorneys questionLack of Foundation
5%
When a witness goes off on rants that get off topic from the questionNarrative
5%
What police use to arrest someonePenal Code
1%

Score Distribution

Percentile by Number Answered

Percent of People with Each Score

Your Score History

You have not taken this quiz